Breaking Bad Trivia Quiz - Statistics

General Stats
  • This quiz has been taken 48 times
    31 since last reset
  • The average score is 8 of 13
Answer Stats
Hint Answer % Correct
Heisenberg's temporary partner in the meth lab Gale
93%
Mikes grandaughter Kaylee
86%
Where was Walter White sent to at the end of the series? New Hampshire
75%
Where did hank piece together that Walt was Heisenberg? The Toilet
64%
Saul Goodman's brother Chuck McGill
61%
Tuco's friend in Better Call Saul Nacho
61%
Jesse Pinkmans brother Jake
57%
Tuco's cousin (not the twins) Lalo
57%
Where was Saul sent to at the end of the series? Nebraska
57%
Gus Frings partner (killed by Hector) Max
54%
Danny Trejos character Tortuga
46%
Saul Goodman's birthplace Illinois
39%
What law firm did Jimmy McGill work in until he got fired intentionally. Davis and Main
32%
No matching quizzes found
Score Distribution
Percent of People with Each Score
Percentile by Number Answered
Your Score History
You have not taken this quiz since the last reset